[Event "HZ Open"]
[Site "Vlissingen NED"]
[Date "2003.08.09"]
[Round "9"]
[White "Afek,Y"]
[Black "Nijboer,F"]
[Result "1/2-1/2"]
[WhiteElo "2387"]
[BlackElo "2588"]

1.e4 d6 2.d4 g6 3.Nc3 Bg7 4.f4 Nc6 5.Be3 Nf6 6.Nf3 O-O 7.Qd2 e5 8.fxe5 dxe5
9.d5 Ne7 10.Bh6 Qd6 11.Bxg7 Kxg7 12.O-O-O Bg4 13.Be2 c6 14.h3 Bxf3 15.Bxf3 cxd5
16.exd5 Nf5 17.g4 Nd4 18.Bg2 Rac8 19.Kb1 b5 20.g5 Nd7 21.Ne4 Qb6 22.c3 Nf5
23.Rhe1 b4 24.cxb4 Rc4 25.a3 Rfc8 26.Rc1 Rxc1+ 27.Rxc1 Rxc1+ 28.Qxc1 Qd4
29.Qd2 Qg1+ 30.Ka2 Nh4 31.Nf6 Qxg2 32.Qxg2 Nxg2 33.Nxd7 e4 34.Ne5 e3 35.b5 Kf8
36.a4 Ke7 37.a5 Kd6 38.Nxf7+ Kxd5 39.b6 axb6 40.a6 Kc6 41.Nd8+ Kd7 42.a7 e2
43.a8=Q e1=Q 44.Qc6+ Kxd8 45.Qxb6+ Ke8 46.Qc6+ Kd8 47.Qxg2 Qa5+ 48.Kb1 Qf5+
49.Kc1 Qc5+ 50.Kd2 Qd4+ 51.Kc2 Qc4+ 52.Kb1 Qd3+ 53.Ka2 Qa6+ 54.Kb3 Qb5+ 55.Kc3 Qc5+
56.Kd3 Qb5+  1/2-1/2

[Event "ch-SLO"]
[Site "Bled SLO"]
[Date "2003.08.10"]
[Round "9"]
[White "Steiner,D"]
[Black "Matko,M"]
[Result "0-1"]
[WhiteElo "2215"]
[BlackElo "2104"]

1.e4 d6 2.d4 g6 3.Nc3 Bg7 4.Be3 Nf6 5.h3 O-O 6.Nf3 Nfd7 7.Bc4 e5 8.O-O Nc6
9.Qd2 Nb6 10.Be2 Kh8 11.Rad1 f5 12.Bh6 Qe7 13.Bxg7+ Qxg7 14.dxe5 Nxe5 15.Nxe5 Qxe5
16.f4 Qc5+ 17.Qd4+ Qxd4+ 18.Rxd4 fxe4 19.Nxe4 Bf5 20.Ng3 d5 21.Nxf5 Rxf5
22.c3 Raf8 23.g3 c6 24.b3 R5f7 25.Rd2 Re7 26.Rc1 h6 27.c4 Kg7 28.cxd5 Nxd5
29.Bf3 Ne3 30.Re1 Rfe8 31.Rde2 Kf6 32.Kf2 Nf5 33.Rxe7 Rxe7 34.Rxe7 Nxe7 35.g4 g5
36.f5 Ke5 37.Ke3 Ng8 38.b4 a6 39.a4 Nf6 40.a5 Ne8 41.Be2 Nd6 42.Bd3 Kd5 43.Be2 h5
44.Bf1 hxg4 45.hxg4  0-1

[Event "19th Open"]
[Site "Faaker-See AUT"]
[Date "2003.08.10"]
[Round "3"]
[White "Kreuzahler,M"]
[Black "Praznik,A"]
[Result "1/2-1/2"]
[WhiteElo "2118"]
[BlackElo "2226"]

1.Nc3 g6 2.e4 Bg7 3.d4 d6 4.Be3 Nf6 5.Be2 a6 6.f4 O-O 7.Nf3 c5 8.dxc5 Qa5
9.O-O Ng4 10.Bd4 e5 11.fxe5 dxe5 12.Bf2 Nxf2 13.Rxf2 Qxc5 14.Qd5 Qb6 15.Qb3 Qxb3
16.axb3 Nc6 17.Bc4  1/2-1/2

[Event "It"]
[Site "Lviv UKR"]
[Date "2003.08.13"]
[Round "5"]
[White "Pean,L"]
[Black "Rouillon,L"]
[Result "0-1"]
[WhiteElo "2116"]
[BlackElo "2162"]

1.d4 d6 2.e4 g6 3.Nc3 Bg7 4.h3 Nd7 5.Nf3 c5 6.Bc4 cxd4 7.Nxd4 Ngf6 8.O-O O-O
9.Be3 Nc5 10.Qf3 Bd7 11.Rfd1 Rc8 12.Bd3 a6 13.a4 e5 14.Nb3 Nxb3 15.cxb3 Be6
16.b4 Nd7 17.a5 Qe7 18.Bc2 f5 19.exf5 gxf5 20.Qxb7 f4 21.Ba7 f3 22.Qxa6 Bxh3
23.gxh3 Qg5+ 24.Kf1 e4 25.Qxd6 Qg2+ 26.Ke1 Rxc3 27.Qd5+ Kh8 28.Bd4 Rxc2 29.Bxg7+ Qxg7
30.Qd4 Ne5 31.Rac1 Qg1+  0-1

[Event "Independence Cup"]
[Site "Kyiv UKR"]
[Date "2003.08.14"]
[Round "2"]
[White "Vysochin,S"]
[Black "Boroday,S"]
[Result "1-0"]
[WhiteElo "2560"]
[BlackElo "2395"]

1.e4 g6 2.d4 Bg7 3.Nc3 d6 4.Be3 c6 5.Qd2 Nd7 6.Nf3 b5 7.Bd3 Qc7 8.O-O Rb8
9.Rfe1 a6 10.h3 e5 11.dxe5 dxe5 12.b4 Ngf6 13.Ne2 O-O 14.Rac1 Nb6 15.Ng3 Re8
16.c4 Nxc4 17.Bxc4 bxc4 18.Rxc4 Bb7 19.Bh6 Qd8 20.Qc1 Bh8 21.Nf5 Nxe4 22.Rexe4 c5
23.Bg5 f6 24.Nh6+ Kg7 25.Bxf6+ Qxf6 26.Ng4 Qd8 27.Rxe5 Bxf3 28.Rxe8 Qxe8
29.Qc3+  1-0

[Event "Independence Cup"]
[Site "Kyiv UKR"]
[Date "2003.08.14"]
[Round "2"]
[White "Evchin,M"]
[Black "Ianov,V"]
[Result "1/2-1/2"]
[WhiteElo "2265"]
[BlackElo "2425"]

1.e4 g6 2.d4 Bg7 3.Nc3 d6 4.Be3 a6 5.Nf3 b5 6.Bd3 Nd7 7.a4 b4 8.Ne2 c5 9.c3 Rb8
10.a5 Qc7 11.Nd2 Ngf6 12.f3 O-O 13.O-O e5 14.Nc4 bxc3 15.bxc3 Bb7 16.d5 Nh5
17.g4 Nhf6 18.Rb1 Ba8 19.Qa4 h5 20.h3 hxg4 21.hxg4 Nh7 22.Ng3 Bf6 23.Kg2 Bg5
24.Bf2 Kg7 25.Ne3 Rxb1 26.Rxb1 Bb7 27.Nc4 Rb8 28.Nf1 Bf4 29.Nfe3 Ng5 30.Nb6 Nf6
31.Rh1 Rh8 32.Rxh8 Kxh8 33.Qd1 Kg7 34.Nec4 Qd8 35.Qh1 Ne8 36.Bh4 Nc7 37.Qe1 Nb5
38.Nb2 Qh8 39.Bxb5 axb5 40.Nd3 Bd2 41.Qxd2 Qxh4 42.Nf2 f6 43.a6 Bxa6 44.Qa2 b4
45.Qxa6 f5 46.exf5 gxf5 47.cxb4 f4 48.Qb7+ Kh6 49.Qe7 Qg3+ 50.Kf1 Nxf3 51.Qxd6+ Kg7
52.Qe7+ Kg6 53.Qe8+ Kg7 54.Qe7+ Kg6 55.Qe6+  1/2-1/2

[Event "US Open"]
[Site "Los Angeles USA"]
[Date "2003.08.15"]
[Round "12"]
[White "Kerman,D"]
[Black "Arnold,M"]
[Result "1-0"]
[WhiteElo "2212"]
[BlackElo "2011"]

1.d4 g6 2.e4 Bg7 3.Nc3 d6 4.Be3 c6 5.a4 d5 6.Qd2 dxe4 7.Nxe4 Nd7 8.Nf3 Nb6
9.c4 Nf6 10.Nxf6+ exf6 11.a5 Nd7 12.g3 a6 13.Bg2 O-O 14.O-O f5 15.Bg5 Nf6
16.Rfe1 Be6 17.Ne5 Qe7 18.d5 cxd5 19.cxd5 Rfd8 20.Nd3 Qd6 21.dxe6 Qxd3 22.Qxd3 Rxd3
23.Bxb7 Rb8 24.Bxa6 Rd6 25.Bf4 Ne8 26.Bxd6 Nxd6 27.Rad1  1-0

[Event "Jezero Open"]
[Site "Belgrade YUG"]
[Date "2003.08.16"]
[Round "3"]
[White "Strbac,M"]
[Black "Vasiljevic,D"]
[Result "1/2-1/2"]
[WhiteElo "2213"]
[BlackElo "2327"]

1.e4 d6 2.d4 g6 3.Nc3 Bg7 4.Nf3 Nf6 5.Be2 O-O 6.O-O b6 7.Re1 Bb7 8.Bf1 Nbd7
9.d5 c6 10.dxc6 Bxc6 11.Nd4 Bb7 12.f3 a6 13.Be3 b5 14.Nb3 Rc8 15.Qd2 Re8
16.a4 b4 17.Na2 a5 18.Bb5 Rf8 19.c3 bxc3 20.Nxc3 Ne5 21.Ne2 Ra8 22.Rec1 Nh5
23.Ned4 Nf6 24.h3 e6 25.Bc6 Nxc6 26.Nxc6 Bxc6 27.Rxc6 d5 28.e5 Nd7 29.f4 Re8
30.Rd6 Bf8  1/2-1/2

[Event "Independence Cup"]
[Site "Kyiv UKR"]
[Date "2003.08.16"]
[Round "4"]
[White "Ianovsky,A"]
[Black "Levin,Ev"]
[Result "1/2-1/2"]
[WhiteElo "2246"]
[BlackElo "2158"]

1.e4 g6 2.d4 Bg7 3.Nc3 d6 4.f4 c6 5.Nf3 b5 6.Bd3 b4 7.Ne2 a5 8.O-O Nf6 9.f5 O-O
10.Qe1 d5 11.e5 Ne4 12.fxg6 fxg6 13.Qh4 Bf5 14.g4 Bc8 15.Bh6 e6 16.Qh3 Ba6
17.Nf4 Qe7 18.Bxe4 Bxf1 19.Rxf1 dxe4 20.Ng5 Bxh6 21.Qxh6 Nd7 22.Ngxe6 Rfe8
23.Ng5 Rf8 24.Nxe4 c5 25.g5 cxd4 26.Nf6+ Nxf6 27.gxf6 Qa7 28.Ne6 d3+ 29.Kg2 Qd7
30.Ng5 dxc2 31.f7+ Rxf7 32.Rxf7 Qg4+ 33.Kf2 Qd4+ 34.Kg2 Qg4+ 35.Kf2 Qd4+  1/2-1/2

[Event "It"]
[Site "Lviv UKR"]
[Date "2003.08.17"]
[Round "10"]
[White "Rouillon,L"]
[Black "Kryvoruchko,Y"]
[Result "0-1"]
[WhiteElo "2162"]
[BlackElo "2415"]

1.e4 g6 2.d4 d6 3.Nc3 Bg7 4.Nf3 Nf6 5.Be3 c6 6.Qd2 O-O 7.Bd3 Qc7 8.O-O e5
9.dxe5 dxe5 10.a4 a5 11.Bh6 Na6 12.Bxg7 Kxg7 13.Bxa6 Rxa6 14.h3 Nh5 15.Rad1 Nf4
16.Qd6 Qxd6 17.Rxd6 f6 18.Rfd1 Kf7 19.Rd8 Ne6 20.Rxf8+ Kxf8 21.Nd2 Ke7 22.Nc4 Nd4
23.f4 Nxc2 24.fxe5 Be6 25.exf6+ Kxf6 26.b3 Bxc4 27.bxc4 Rb6 28.Rd2 Na3 29.c5 Rb3
30.Ne2 Rb4 31.Rd7 Rxe4 32.Kf2 Re7 33.Rd6+ Ke5 34.Rd8 Nc2 35.Ng1 Nb4 36.Nf3+ Kf6
37.Rd6+ Kg7 38.Ng5 Na6 39.Ne6+ Kf7 40.Ng5+ Ke8 41.Ne6 Rd7 42.Rxd7 Kxd7 43.Nf8+ Ke7
44.Nxh7 Nxc5  0-1

[Event "ADCF Masters"]
[Site "Abu Dhabi UAE"]
[Date "2003.08.18"]
[Round "3"]
[White "Eid,Fa"]
[Black "Aryanejad,H"]
[Result "1-0"]
[WhiteElo "2398"]
[BlackElo "2231"]

1.e4 d6 2.d4 g6 3.Nc3 Bg7 4.Be3 b6 5.h4 h6 6.Qd2 Bb7 7.O-O-O Nd7 8.f4 e6
9.h5 f5 10.d5 exd5 11.exd5 Qf6 12.Nf3 Ne7 13.Bd4 Qf7 14.hxg6 Qxg6 15.Re1 Rh7
16.Nb5 Bxd4 17.Nxc7+ Kd8 18.Ne6+ Kc8 19.Nfxd4 Bxd5 20.Ba6+ Kb8 21.Nc6+  1-0

[Event "ch-FRA w"]
[Site "Aix les Bains FRA"]
[Date "2003.08.18"]
[Round "1"]
[White "Te Llalemand,R"]
[Black "Bonnafous,N"]
[Result "1-0"]
[WhiteElo "2280"]
[BlackElo "2099"]

1.e4 g6 2.d4 Bg7 3.Nc3 d6 4.f4 Nf6 5.Nf3 O-O 6.Bd3 c6 7.O-O Nbd7 8.e5 Ne8
9.Qe1 e6 10.Ne4 c5 11.c3 cxd4 12.cxd4 dxe5 13.dxe5 Nb6 14.Qe2 Nd5 15.Nc3 Nec7
16.Bc4 Qe7 17.Nxd5 exd5 18.Bd3 f6 19.Bd2 Bg4 20.Qe1 Bxf3 21.Bb4 Qe6 22.Bxf8 Bxg2
23.Kxg2 Rxf8 24.Rc1 Qb6 25.Qf2 d4 26.exf6 Bxf6 27.Rfe1 Kg7 28.Bc4 Qd6 29.Qf3 Bg5
30.Re4 Bxf4 31.Rf1  1-0

[Event "Independence Cup"]
[Site "Kyiv UKR"]
[Date "2003.08.18"]
[Round "6"]
[White "Kislinsky,A"]
[Black "Ianov,V"]
[Result "1-0"]
[WhiteElo "2401"]
[BlackElo "2425"]

1.e4 d6 2.d4 g6 3.Nc3 Bg7 4.Be3 a6 5.Nf3 Nd7 6.h4 h6 7.Bd3 c5 8.Qe2 Qa5 9.O-O cxd4
10.Nxd4 Ngf6 11.f4 O-O 12.Bc4 Qc7 13.Bb3 Nc5 14.f5 Nxb3 15.axb3 Bd7 16.g4 d5
17.Qg2 Nxe4 18.Nxd5 Qe5 19.Nb6 Rad8 20.Rad1 Bb5 21.Nxb5 Nd6 22.Nd5 axb5 23.Bf4 Qe4
24.Bxd6 Qxg2+ 25.Kxg2 exd6 26.f6 Bh8 27.g5 Rfe8 28.Rfe1 Re6 29.Nc7 Rxf6 30.gxf6 Bxf6
31.Re8+ Rxe8 32.Nxe8 Bxh4 33.Nxd6 f5 34.Nxb5 Kf7 35.Nd6+ Kf6 36.Nxb7  1-0

[Event "Jezero Open"]
[Site "Belgrade YUG"]
[Date "2003.08.19"]
[Round "6"]
[White "Popovic,Pr"]
[Black "Stosic,S"]
[Result "0-1"]
[WhiteElo "2045"]
[BlackElo "2197"]

1.e4 g6 2.d4 Bg7 3.Nc3 d6 4.Be3 c6 5.Qd2 b5 6.Bd3 Nd7 7.Nf3 Nb6 8.a4 b4 9.Ne2 a5
10.c3 bxc3 11.bxc3 h5 12.O-O Nf6 13.h3 O-O 14.Bh6 Re8 15.Bxg7 Kxg7 16.e5 Nh7
17.Nf4 Nd5 18.Rfe1 dxe5 19.Nxe5 Qd6 20.Nfxg6 fxg6 21.Bxg6 Rg8 22.Bxh5 Qf6
23.c4 Nf4 24.Bf3 Kh8 25.Kh2 Ng5 26.Bxc6 Ra6 27.Bf3 Nfxh3 28.Ra3 Nf4 29.Rh1 Rd6
30.Kg1+ Nh7 31.Be4 Rg7 32.c5 Rxd4 33.Rxh7+ Rxh7 34.Qxd4 Ne2+ 35.Kf1 Nxd4  0-1

[Event "Jezero Open"]
[Site "Belgrade YUG"]
[Date "2003.08.19"]
[Round "6"]
[White "Plakalovic,P"]
[Black "Vasiljevic,D"]
[Result "1/2-1/2"]
[WhiteElo "2168"]
[BlackElo "2327"]

1.e4 d6 2.d4 g6 3.Nc3 Bg7 4.f4 a6 5.Be3 b5 6.Nf3 Bb7 7.Bd3 Nd7 8.a4 b4 9.Ne2 Ngf6
10.Ng3 c5 11.c3 O-O 12.cxb4 cxb4 13.h3 a5 14.O-O e6 15.Qd2 Rc8 16.Rf2 Nb6
17.Qe2 Bc6 18.b3 Bb7 19.Rc1 Rxc1+ 20.Bxc1 Qc7 21.Bb2 Qb8 22.Qe3 Qa8 23.Rc2 d5
24.e5 Ne4 25.Ng5 Nxg5 26.fxg5 Rc8 27.Rf2 Ba6 28.Bb1 Rc7 29.Nf1 Qe8 30.Bd3 Qc8
31.Nh2 Nd7 32.Ng4 Bxd3 33.Qxd3 Qd8 34.h4 Nb8 35.Qb5 Nd7 36.Kh2 h5 37.Nf6+ Bxf6
38.gxf6 Qa8 39.Rf1 Qa7 40.Qd3 Qb8 41.Rf2 Rc6 42.Qe3 Qf8 43.Kh1 Kh7 44.Kh2 Rc7
45.Kh3 Qh6 46.Qg5 Qxg5 47.hxg5 Nb8 48.Kg3 Kg8 49.Kf3 Rc8 50.g4 hxg4+ 51.Kxg4 Na6  1/2-1/2

[Event "Open"]
[Site "Vienna AUT"]
[Date "2003.08.19"]
[Round "4"]
[White "Hoelzl,F"]
[Black "Vasilescu,V"]
[Result "1-0"]
[WhiteElo "2354"]
[BlackElo "2176"]

1.d4 g6 2.e4 Bg7 3.Nc3 d6 4.Be3 a6 5.g3 Nf6 6.Bg2 Nc6 7.h3 O-O 8.Nge2 e5
9.O-O Bd7 10.dxe5 dxe5 11.Qd2 Qc8 12.Kh2 Re8 13.Rad1 Be6 14.Nd5 Ne7 15.Bg5 Nexd5
16.exd5 Bf5 17.g4 Bd7 18.Ng3 Rb8 19.c4 c5 20.Bxf6 Bxf6 21.Ne4 Be7 22.d6 Bd8
23.Qh6 Re6 24.Rfe1 g5 25.Qh5 Rg6 26.Rd5 b6 27.Rxe5 f6 28.Nxg5 fxg5 29.Re7 Bxe7
30.Rxe7 Rg7 31.Rxg7+ Kxg7 32.Qxg5+ Kf7 33.Qe7+  1-0

[Event "ch-FRA w"]
[Site "Aix les Bains FRA"]
[Date "2003.08.20"]
[Round "3"]
[White "Milliet,S"]
[Black "Bonnafous,N"]
[Result "1-0"]
[WhiteElo "2275"]
[BlackElo "2099"]

1.e4 g6 2.d4 Bg7 3.Nc3 d6 4.Be3 c6 5.Qd2 b5 6.Bd3 Nd7 7.Nf3 Ngf6 8.Bh6 O-O
9.Bxg7 Kxg7 10.e5 dxe5 11.dxe5 Ng4 12.Qg5 Nc5 13.O-O-O Qc7 14.Rd2 Nxd3+ 15.cxd3 b4
16.Ne4 Bf5 17.Ng3 Be6 18.h3 f6 19.Nd4 Bd7 20.exf6+ exf6 21.Ndf5+ Kh8 22.Qxg4 gxf5
23.Qxb4 Rab8 24.Qc5 Qf4 25.Qc4 Qd6 26.Re1 Rb4 27.Qc3 Rfb8 28.Nh5 Rf8 29.g3 Rb5
30.Rc2 f4 31.Nxf4 Rfb8 32.Ne6 Re5 33.Rxe5 fxe5 34.Ng5 Qf6 35.Qxe5 Qxe5 36.Nf7+ Kg7
37.Nxe5 Bxh3 38.Rxc6  1-0

[Event "Independence Cup"]
[Site "Kyiv UKR"]
[Date "2003.08.20"]
[Round "8"]
[White "Fedosenko,P"]
[Black "Ianov,V"]
[Result "0-1"]
[WhiteElo "2242"]
[BlackElo "2425"]

1.e4 d6 2.d4 g6 3.Nc3 Bg7 4.Be3 a6 5.f4 b5 6.Bd3 Nd7 7.Nf3 c5 8.a4 b4 9.Ne2 Bb7
10.c3 bxc3 11.bxc3 Ngf6 12.d5 O-O 13.O-O Qc7 14.Rb1 c4 15.Bc2 Nc5 16.Ng3 e6
17.Bxc5 Qxc5+ 18.Kh1 Rab8 19.dxe6 fxe6 20.Nd4 Rfe8 21.f5 exf5 22.exf5 Qd5
23.Rf2 g5 24.Rd2 Qa5 25.Ne6 Qxc3 26.Rxd6 Qe5 27.Rdb6 Bd5 28.Rxb8 Rxb8 29.Rxb8+ Qxb8
30.Nxg7 Kxg7 31.Nh5+ Nxh5 32.Qxd5 Qb2 33.Qd7+ Kh6 34.Qd6+ Qf6 35.Qd1 Qe5
36.g3 Nf6 37.Kg2 a5 38.Qd2 c3 39.Qd8 Qd5+  0-1

[Event "9th Open"]
[Site "Pilsen-Lobzy CZE"]
[Date "2003.08.20"]
[Round "5"]
[White "Toman,J"]
[Black "Cedikova,K"]
[Result "1/2-1/2"]
[WhiteElo "2107"]
[BlackElo "2168"]

1.e4 g6 2.d4 Bg7 3.Nc3 d6 4.Nf3 a6 5.a4 Nd7 6.Be2 e6 7.Bg5 Ne7 8.Qd2 h6 9.Be3 g5
10.h4 g4 11.Nh2 h5 12.f3 Ng6 13.O-O-O Nxh4 14.Bg5 Qxg5 15.Qxg5 Bh6 16.Qxh6 Rxh6
17.fxg4 Nxg2 18.gxh5 Nf4 19.Ng4 Rxh5 20.Rxh5 Nxh5 21.Nh6 Nf4 22.Rg1 Nf6 23.e5 dxe5
24.dxe5 Nxe2+ 25.Nxe2 Nd7 26.Rg8+ Ke7 27.Ng4 b6 28.Nf4 Bb7 29.Rg7 Be4 30.Nf2 Bf5
31.N2d3 Rh8 32.Rg2 c5 33.Re2 Rh1+ 34.Kd2 c4 35.Nb4 Nc5 36.a5 b5 37.Nc6+ Kd7
38.Nd4 Rb1 39.Nxf5 exf5 40.Rh2 Ne4+ 41.Ke3 Rxb2 42.Rh7 Ke7 43.Rh6 Rxc2 44.Rxa6 Ra2
45.Nd5+ Kf8 46.Kf4 Rf2+ 47.Ke3 Ra2 48.Kf4 Rf2+ 49.Ke3 Ra2 50.Kf4  1/2-1/2

[Event "14th Sommerpokal"]
[Site "Recklinghausen GER"]
[Date "2003.08.20"]
[Round "3"]
[White "Montignies,R"]
[Black "Podzielny,KH"]
[Result "0-1"]
[WhiteElo "2093"]
[BlackElo "2482"]

1.e4 g6 2.d4 Bg7 3.Nc3 d6 4.f4 Nf6 5.Nf3 O-O 6.Bd3 Na6 7.O-O c5 8.d5 Rb8
9.Qe1 Nb4 10.Qh4 c4 11.Bxc4 Nxc2 12.Rb1 b5 13.Bb3 Qb6+ 14.Kh1 b4 15.Na4 Qa6
16.Bd2 Bd7 17.Nc5 dxc5 18.Bxc2 Bb5 19.Rfe1 Qxa2 20.f5 b3 21.Bc3 bxc2 22.Ra1 Qc4
23.Ne5 Qb3 24.Ra3 c4 25.Rxb3 cxb3 26.d6 Rfc8 27.fxg6 hxg6 28.Qh3 Nxe4 29.Nxg6 Nf2+  0-1

[Event "Open"]
[Site "Vienna AUT"]
[Date "2003.08.20"]
[Round "5"]
[White "Willemze,J"]
[Black "Schwaninger,W"]
[Result "1-0"]
[WhiteElo "2327"]
[BlackElo "2207"]

1.e4 g6 2.d4 Bg7 3.Nc3 d6 4.Be3 c6 5.Qd2 b5 6.Nf3 b4 7.Ne2 Qb6 8.Nf4 Nf6
9.Bd3 Ng4 10.O-O O-O 11.c4 Nxe3 12.fxe3 e5 13.Ne2 Bg4 14.Bc2 a5 15.Rad1 Na6
16.Qe1 Rae8 17.Qh4 h5 18.h3 Bxf3 19.Rxf3 Qd8 20.Qf2 Qe7 21.Rf1 Rc8 22.c5 dxc5
23.Bb3 exd4 24.Rxf7 Rxf7 25.Bxf7+ Kh7 26.Bxg6+ Kh6 27.Qf5 Qg5 28.Qxc8 Qxe3+
29.Rf2 d3 30.Qg8 Kxg6 31.Nf4+ Kh6 32.Qe6+ Kh7 33.Qg6+ Kh8 34.Qxh5+ Kg8 35.Qe8+ Kh7
36.Qg6+ Kh8 37.Ne6 Bd4 38.Qe8+ Kh7 39.Nf8+  1-0

[Event "9th Open"]
[Site "Pilsen-Lobzy CZE"]
[Date "2003.08.21"]
[Round "6"]
[White "Novy,V"]
[Black "Hrbolka,L jr"]
[Result "1-0"]
[WhiteElo "2107"]
[BlackElo "2207"]

1.e4 d6 2.d4 g6 3.Nc3 Bg7 4.Bc4 Nf6 5.Qe2 O-O 6.e5 dxe5 7.dxe5 Ng4 8.f4 Nc6
9.Nf3 Nh6 10.Be3 Bg4 11.Rd1 Qc8 12.Bf2 Kh8 13.h3 Be6 14.Kd2 Na5 15.Bd3 c5
16.g4 a6 17.Kc1 b5 18.Be4 Rb8 19.Nd5 f5 20.exf6 exf6 21.f5 gxf5 22.gxf5 Nxf5
23.Bxf5 Bxf5 24.Ne7 Re8 25.Nxc8 Rxe2 26.Rd8+ Bf8 27.Rxf8+ Kg7 28.Rg1+ Kxf8
29.Bxc5+ Ke8 30.Nd6+ Kd7 31.Nxf5 Nc4 32.b3 Ne5 33.N3d4  1-0

[Event "9th Open"]
[Site "Pilsen-Lobzy CZE"]
[Date "2003.08.21"]
[Round "6"]
[White "Jirasek,P"]
[Black "Folkova,M"]
[Result "0-1"]
[WhiteElo "2126"]
[BlackElo "2179"]

1.e4 d6 2.d4 g6 3.Nc3 Bg7 4.Be3 Nd7 5.Qd2 h6 6.O-O-O a6 7.f4 e6 8.g4 Ne7
9.Nf3 b5 10.Bd3 Bb7 11.Rhf1 c5 12.e5 Bxf3 13.Rxf3 cxd4 14.Bxd4 dxe5 15.fxe5 Nc6
16.Be4 Rc8 17.Bxc6 Rxc6 18.Rd3 Qc7 19.Be3 Nxe5 20.Rd8+ Ke7 21.Rxh8 Bxh8 22.Bxh6 Nc4
23.Bg5+ f6 24.Qe2 Qe5 25.Qxe5 Nxe5 26.Bd2 f5 27.gxf5 gxf5 28.a4 b4 29.Ne2 a5
30.Bg5+ Bf6 31.Bxf6+ Kxf6 32.Rd8 Rc4 33.Ra8 f4 34.b3 Re4 35.Kd1 Ng4 36.Rxa5 Ne3+
37.Kd2 Nf5 38.Ng1 Re3 39.Ra8 e5 40.a5 Nd6 41.Rb8 Ne4+ 42.Kc1 Re1+ 43.Kb2 Rxg1
44.a6 Rg7 45.Rb7 Rg8 46.Rxb4 f3 47.a7 Ra8 48.Rb8 Rxa7  0-1

[Event "9th Open"]
[Site "Pilsen-Lobzy CZE"]
[Date "2003.08.21"]
[Round "6"]
[White "Priborsky,J"]
[Black "Kriz,L"]
[Result "1-0"]
[WhiteElo "2181"]
[BlackElo "2097"]

1.e4 g6 2.d4 Bg7 3.Nc3 d6 4.Nf3 Nc6 5.Bc4 Na5 6.Be2 Nf6 7.O-O O-O 8.h3 b6
9.Be3 Bb7 10.d5 c5 11.a3 Qc8 12.Qd3 Nd7 13.Rad1 Rb8 14.Bd2 c4 15.Qe3 Ba8
16.Qg5 Bf6 17.Qh6 Bg7 18.Qh4 Re8 19.Bh6 Bh8 20.Ng5 Nb7 21.Bg4 Nd8 22.f4 Qc5+
23.Kh1 Nf6 24.f5 Nxg4 25.hxg4 Bf6 26.fxg6 fxg6 27.Rxf6 exf6 28.Nxh7  1-0

[Event "ch-FRA w"]
[Site "Aix les Bains FRA"]
[Date "2003.08.22"]
[Round "5"]
[White "Aleksieva,S"]
[Black "Bonnafous,N"]
[Result "1-0"]
[WhiteElo "2352"]
[BlackElo "2099"]

1.e4 g6 2.d4 Bg7 3.Nc3 d6 4.Bc4 Nd7 5.Nf3 e6 6.Qe2 Ne7 7.O-O h6 8.Be3 O-O
9.h3 a6 10.a4 b6 11.Rae1 Bb7 12.Ba2 Nf6 13.Nd2 d5 14.e5 Nd7 15.f4 c5 16.Nf3 Rc8
17.Bf2 Nb8 18.g4 Nbc6 19.Qe3 Nb4 20.Bb1 Qd7 21.Kh2 Rc7 22.Bg3 Nbc6 23.Ne2 cxd4
24.Nexd4 Nxd4 25.Nxd4 Rfc8 26.f5 Nc6 27.fxe6 fxe6 28.c3 Nxd4 29.cxd4 Qxa4
30.Bxg6 Qb4 31.Rf2 a5 32.Bh4 Ba6 33.Rd1 Rf8 34.Bf6 Bb5 35.g5 h5 36.Bxh5 Ba4
37.Rdd2 Qb3 38.Qf4 Qb4 39.Qg4 Bd7 40.Bg6 Rxf6 41.gxf6  1-0

[Event "Independence Cup"]
[Site "Kyiv UKR"]
[Date "2003.08.22"]
[Round "10"]
[White "Solomaha,A"]
[Black "Ianov,V"]
[Result "1/2-1/2"]
[WhiteElo "2376"]
[BlackElo "2425"]

1.e4 d6 2.d4 g6 3.Nc3 Bg7 4.g3 Nf6 5.Bg2 O-O 6.Nge2 e5 7.h3 c6 8.O-O Qe7
9.a4 Na6 10.Be3 Rd8 11.g4 h5 12.g5 Nh7 13.Qd2 Nc7 14.f4 exf4 15.Nxf4 Re8
16.h4 Bg4 17.Rae1 Rad8 18.Nce2 Nf8 19.c3 Nd7 20.a5 Rb8 21.Nd3 Be6 22.Bf4 Bc4
23.Nec1 Rbd8 24.b3 Ba6 25.b4 Nb5 26.Bh3 Na3 27.Qh2 Nc4 28.Rf2 b6 29.Nb2 Nb8
30.axb6 axb6 31.Bf1 Nxb2 32.Rxb2 Bxf1 33.Kxf1 Qe6 34.Qg3 c5 35.bxc5 bxc5
36.d5 Qd7 37.Rb6 Bf8 38.c4 Qc7 39.Qb3 Qc8 40.Kg2 Rd7 41.e5 Rdd8 42.Qg3 Qf5
43.Rb2 dxe5 44.Bxe5 Nd7 45.Rf2 Qg4 46.Qxg4 hxg4 47.Rfe2 Ra8 48.Bf4 Rxe2+
49.Rxe2 Ra4 50.Re4 f5 51.gxf6 Nxf6 52.Re6 Bg7 53.Bg5 Rxc4 54.Bxf6 Rxc1 55.Bg5 Rd1
56.Rxg6 Kf7 57.Rc6 Rxd5  1/2-1/2

[Event "14th Sommerpokal"]
[Site "Recklinghausen GER"]
[Date "2003.08.22"]
[Round "5"]
[White "Hassenrueck,H"]
[Black "Heinicke,W"]
[Result "0-1"]
[WhiteElo "2162"]
[BlackElo "2090"]

1.d4 d6 2.e4 g6 3.Nc3 Bg7 4.f4 Nf6 5.Nf3 O-O 6.e5 Nfd7 7.Bc4 Nb6 8.Be2 N6d7
9.O-O c5 10.Ne4 cxd4 11.exd6 Nc6 12.Kh1 e6 13.c3 dxc3 14.bxc3 b6 15.Rb1 Bb7
16.c4 Na5 17.Qc2 Bxe4 18.Qxe4 Nc5 19.Qe3 Qxd6 20.Ba3 Rac8 21.Ne5 Rfd8 22.Rfd1 Qc7
23.Bxc5 Rxd1+ 24.Rxd1 Bxe5 25.fxe5 Qxc5 26.Qg5 Nc6 27.Rd7 Qxe5 28.Qxe5 Nxe5
29.Rxa7 Nxc4 30.Kg1 Ne3 31.Kf2 Nd5 32.Bd1 Kg7 33.Bb3 Rc5 34.Rb7 b5 35.g3 b4
36.Ke2 Kf6 37.Kd3 Ra5 38.h3 h5 39.Kd4 Nc3 40.Rxb4 Ne2+ 41.Ke3 Nxg3 42.a4 Nf5+
43.Kd3 Nd6 44.Rb6 Ke5 45.Kc3 f5 46.Kb4 Ra7 47.a5 f4 48.Bd1 Rxa5 49.Rxd6 Kxd6
50.Kxa5 Kd5 51.Bb3+ Ke5 52.Bc2 g5 53.Bd1 Ke4 54.Bxh5 f3 55.Kb4 Ke3 56.Be8 e5
57.Kc5 Kf4 58.Bb5 e4 59.Kd4 e3 60.Kd3 e2 61.Kd2 Kg3 62.Ke1 Kxh3 63.Kf2 g4
64.Bd7 Kh4  0-1

[Event "ADCF Masters"]
[Site "Abu Dhabi UAE"]
[Date "2003.08.23"]
[Round "7"]
[White "Himdan,M"]
[Black "Sale,S"]
[Result "1/2-1/2"]
[WhiteElo "2341"]
[BlackElo "2420"]

1.e4 d6 2.d4 g6 3.Nc3 Bg7 4.Nf3 Nf6 5.Be2 O-O 6.O-O c6 7.Bg5 h6 8.Bh4 g5
9.Bg3 Nh5 10.Qd2 Nxg3 11.hxg3 Qb6 12.Rab1 Nd7 13.Rfd1 Rd8 14.Nh2 Nf8 15.Bg4 e6
16.Qd3 Bd7 17.Nf1 d5 18.exd5 cxd5 19.Ne3 Rac8 20.Bh5 Be8 21.f4 Nh7 22.f5 Nf6
23.Bf3 h5 24.g4 h4 25.Kh1 Bf8 26.Nf1 Bd6 27.Ne2 Be7 28.Qe3 Ne4 29.c3 Bf6
30.Nd2 Nxd2 31.Qxd2 Bb5 32.Ng1 exf5 33.gxf5 Qd6 34.Nh3 Qg3 35.Qf2 Kg7 36.Kg1 Rd6
37.Qxg3 hxg3 38.Bg4 Rh8 39.Re1 Bd3 40.Rbd1 Be4 41.Re3 Bd8 42.Rxg3 Rdh6 43.Nf2 Bc2
44.Re1 Bc7 45.Rh3 Rxh3 46.Bxh3 Bd6 47.a3 b5 48.Re2 Bb1 49.Re1 Bc2 50.Re2 Bb1  1/2-1/2

[Event "ADCF Masters"]
[Site "Abu Dhabi UAE"]
[Date "2003.08.23"]
[Round "7"]
[White "Amin,B"]
[Black "Murshed,N"]
[Result "0-1"]
[WhiteElo "2342"]
[BlackElo "2443"]

1.e4 g6 2.d4 Bg7 3.Nc3 d6 4.Nf3 Nf6 5.Be2 O-O 6.O-O c6 7.Re1 Qc7 8.Bf4 Nh5
9.Be3 Nd7 10.Qd2 Nhf6 11.Rad1 b5 12.Bd3 e5 13.dxe5 dxe5 14.a4 a6 15.Bf1 Re8
16.Qd6 Qb7 17.Bg5 h6 18.Bh4 Nh5 19.axb5 axb5 20.Ra1 Bf8 21.Qd2 Rxa1 22.Rxa1 Nc5
23.Qe3 g5 24.Bxg5 hxg5 25.Qxg5+ Ng7 26.Nxe5 b4 27.Nd1 Nxe4 28.Qf4 Bd6 29.Qxe4 Bxe5
30.Qh4 Qe7 31.Qc4 Qd6 32.g3 Be6 33.Qh4 Qe7 34.Qe4 Bd5 35.Qg4 Qf6 36.Be2 Bxb2  0-1

[Event "ch-FRA w"]
[Site "Aix les Bains FRA"]
[Date "2003.08.23"]
[Round "6"]
[White "Muller,A"]
[Black "Bonnafous,N"]
[Result "1-0"]
[WhiteElo "2184"]
[BlackElo "2099"]

1.e4 g6 2.d4 Bg7 3.Nc3 d6 4.f4 a6 5.a4 b6 6.Nf3 Bb7 7.Bd3 Nd7 8.O-O c5 9.d5 Ngf6
10.Bc4 O-O 11.Qe1 b5 12.axb5 Nb6 13.Be2 c4 14.bxa6 Bxa6 15.Qh4 Qc7 16.Be3 Nbd7
17.Nd4 Nc5 18.Bf3 Bb7 19.Ndb5 Qd7 20.Rxa8 Bxa8 21.e5 Nxd5 22.Bxd5 Bxd5 23.Nxd5 Qxb5
24.Nxe7+ Kh8 25.f5 gxf5 26.Nxf5 Bxe5 27.Nxd6  1-0

[Event "9th Open"]
[Site "Pilsen-Lobzy CZE"]
[Date "2003.08.24"]
[Round "9"]
[White "Blazkova,P"]
[Black "Voloshin,L"]
[Result "1-0"]
[WhiteElo "2222"]
[BlackElo "2468"]

1.e4 g6 2.d4 Bg7 3.Nc3 d6 4.Be3 a6 5.Qd2 b5 6.a4 b4 7.Nd1 a5 8.Bd3 Nd7 9.f4 Ngf6
10.Nf2 O-O 11.Nf3 c5 12.O-O cxd4 13.Nxd4 Bb7 14.Nb5 Qc8 15.Qe2 Nc5 16.Bd2 Nfd7
17.b3 Qc6 18.Rac1 e5 19.Ng4 f5 20.Bc4+ Kh8 21.exf5 gxf5 22.Ne3 Nb6 23.fxe5 Bxe5
24.Rf3 Rae8 25.Rcf1 Qd7 26.Rxf5 Rxf5 27.Rxf5 Nxc4 28.Qxc4 Rg8 29.Rxe5 dxe5
30.Qxc5 Qg7 31.g3 Qf6 32.Nd6 Rd8 33.Nef5 Ra8 34.Bg5 Qg6 35.Qxe5+ Kg8 36.Ne7+ Kf8
37.Nxg6+  1-0

[Event "Open"]
[Site "Porto San Giorgo ITA"]
[Date "2003.08.24"]
[Round "4"]
[White "Efimov,I"]
[Black "Mrdja,M"]
[Result "1-0"]
[WhiteElo "2479"]
[BlackElo "2384"]

1.d4 g6 2.e4 Bg7 3.Nc3 d6 4.Bg5 Nd7 5.Qd2 c6 6.Nf3 h6 7.Be3 b5 8.Bd3 Nb6
9.b3 Nf6 10.h3 a5 11.O-O g5 12.Ne2 d5 13.exd5 Nbxd5 14.Ne5 Qb6 15.c4 Nxe3
16.Qxe3 O-O 17.f4 g4 18.c5 Qc7 19.hxg4 Bxg4 20.Ng3 Rad8 21.Rae1 Rfe8 22.Bb1 e6
23.Ne4 Nd5 24.Qg3 Bf5 25.Nd6 Rxd6 26.cxd6 Qxd6 27.Bxf5 exf5 28.Qh3 Ne7 29.Rd1 Rd8
30.Rd3 Qe6 31.Re1 Nd5 32.Qh4 Ra8 33.Kh2 Nf6 34.Rg3 Ne4 35.Rge3 Qd5 36.g4 Nd6
37.Rg3 Qxd4 38.Rf1 Re8 39.g5 Rxe5 40.gxh6 Re2+ 41.Kh3 Re3 42.Rg1 Ne8 43.Qg5 Rxg3+
44.Rxg3 Qa1 45.Rg1 Qc3+ 46.Rg3 Qe1 47.Rg1 Qe3+ 48.Kh2 Qe6 49.hxg7 Nf6 50.Qh4 Qe2+
51.Kh1 Qf3+ 52.Rg2 Qd1+ 53.Kh2 Nh5 54.Qg5  1-0